Statistics for Currencies by Picture

Click here to take the quiz!

General Stats

  • This quiz has been taken 72 times
    (64 since last reset)
  • The average score is 11 of 16

Answer Stats

Answer% Correct
United States Dollar
98%
Euro
92%
British Pound
88%
Japanese Yen
88%
Swiss Franc
86%
Indian Rupee
84%
Vietnamese Dong
67%
Mexican Peso
65%
Irani Rial
63%
Brazilian Real
61%
Turkish Lira
61%
South African Rand
57%
Russian Ruble
55%
Swedish Krona
55%
Tanzanian Shilling
45%
Indonesian Rupiah
39%

Score Distribution

Percentile by Number Answered

Percent of People with Each Score

Your Score History

You have not taken this quiz since the last reset